[Event "Tilburg"]
[Site "Tilburg"]
[Date "1990.??.??"]
[Round "4"]
[White "Andersson, Ulf"]
[Black "Timman, Jan H"]
[Result "1/2-1/2"]
[WhiteElo "2630"]
[BlackElo "2660"]

1.Nf3 d5 2.d4 Nf6 3.c4 c6 4.e3 Bf5 5.cxd5 cxd5 6.Qb3 Qc7 7.Bd2 Nc6 8.Bb5 e6
9.Bb4 Bxb4+ 10.Qxb4 Qe7 11.Qxe7+ Kxe7 12.Bxc6 bxc6 13.Nc3 Rhc8 14.Na4 Nd7
15.Rc1 Kd6 16.Ke2 Bg4 17.Rc3 e5 18.dxe5+ Nxe5 19.h3 Bxf3+ 20.gxf3 c5 21.Rd1 c4
22.b3 Ke6 23.bxc4 dxc4 24.Rd4 Rab8 25.Rc2 Rb4 26.Nb2 Rcb8 27.Nd1 Rc8 28.Nb2 Rcb8
29.Nd1 Rc8 30.f4 Nd3 31.Kd2 Rbb8 32.Rcxc4 Rxc4 33.Rxc4 Nb2 34.Rc6+ Kd5 35.Rc7 Nxd1
36.Kxd1 Rb2 37.Rxa7 Rxf2 38.Rxf7 Ke4 39.Rxg7 Kxe3 40.a4 Ra2 41.Ra7 Kxf4 42.Rxh7 Ke3
43.Re7+ Kd3 44.Ke1 Rxa4 45.Kf2 Kd4 46.h4 Kd5 47.Kg3 Kd6 48.Re1 Ra7 49.h5 Re7
50.Rf1 Ke6 51.Kh4 Rf7 52.Rg1 Rf2  1/2-1/2

[Event "Tilburg"]
[Site "Tilburg"]
[Date "1990.??.??"]
[Round "8"]
[White "Andersson, Ulf"]
[Black "Short, Nigel D"]
[Result "1-0"]
[WhiteElo "2630"]
[BlackElo "2610"]

1.Nf3 d5 2.d4 Bf5 3.c4 e6 4.Nc3 c6 5.Bf4 Bd6 6.Bg3 Ne7 7.e3 O-O 8.Nh4 h6
9.Qb3 b6 10.Bxd6 Qxd6 11.Nxf5 Nxf5 12.Bd3 Nh4 13.O-O Nd7 14.Rfd1 f5 15.Rac1 Kh8
16.Qa3 Qxa3 17.bxa3 g5 18.Rd2 Ng6 19.a4 Rf6 20.Rb2 dxc4 21.Bxc4 e5 22.Rd2 exd4
23.Rxd4 Nc5 24.Rcd1 Re8 25.Rd8 Rxd8 26.Rxd8+ Kg7 27.Bb3 Nf8 28.Ne2 Nfe6 29.Rc8 Nxb3
30.axb3 c5 31.Nc3 Rf8 32.Rc6 Rd8 33.Kf1 Rd3 34.Nb5 Kf7 35.Nxa7 Rxb3 36.Nc8 f4
37.Rxb6 Ra3 38.Nd6+ Kf8 39.Ne4 Ke7 40.Rb7+ Kd8 41.Rb6 Ke7 42.Ke2 g4 43.Kd2 fxe3+
44.fxe3 Ra2+ 45.Kd3 Rxg2 46.a5 Rxh2 47.Rb7+ Kd8 48.a6 Ra2 49.a7 Nc7 50.Nc3 Ra3
51.Ke4 g3 52.Kf3 Ra1 53.Kxg3 Kc8 54.Rb8+ Kd7 55.Nb5 Kc6 56.Kf3 Nd5 57.a8=Q+ Rxa8
58.Rxa8 Kxb5 59.e4 Nc7 60.Rh8 c4 61.Ke3 Ne6 62.Rxh6 Nc5 63.Kd4  1-0

[Event "Hoogovens"]
[Site "Wijk aan Zee"]
[Date "1990.??.??"]
[Round "2"]
[White "Andersson, Ulf"]
[Black "Van der Wiel, John TH"]
[Result "1-0"]
[WhiteElo "2630"]
[BlackElo "2550"]

1.Nf3 d5 2.d4 Nf6 3.c4 c6 4.e3 Bf5 5.Bd3 Bxd3 6.Qxd3 e6 7.O-O Nbd7 8.Nc3 Be7
9.e4 dxe4 10.Nxe4 Nxe4 11.Qxe4 O-O 12.Bf4 Qa5 13.Rfd1 Rfd8 14.h3 Rac8 15.a4 Nf6
16.Qe2 Qf5 17.Be3 c5 18.dxc5 Bxc5 19.Rxd8+ Rxd8 20.Rd1 Rxd1+ 21.Qxd1 h5 22.Qd8+ Kh7
23.Qc7 Ne4 24.Ng5+ Kg6 25.Nxe4 Bxe3 26.Qg3+ Bg5 27.h4 Qxe4 28.Qxg5+ Kh7 29.Qxh5+ Kg8
30.g3 Qxc4 31.Qb5 Qc8 32.a5 a6 33.Qb6 Qd7 34.Qc5 f6 35.Kg2 Kf7 36.g4 e5 37.Qc4+ Qe6
38.Qe4 Qb3 39.h5 Kf8 40.g5 fxg5 41.Qf3+ Qf7 42.Qxf7+ Kxf7 43.Kf3 e4+ 44.Kg4 Kf6
45.b3 Kf7 46.Kxg5 Kg8 47.Kg6 Kh8 48.h6 Kg8 49.hxg7  1-0

[Event "Hoogovens"]
[Site "Wijk aan Zee"]
[Date "1990.??.??"]
[Round "3"]
[White "Short, Nigel D"]
[Black "Andersson, Ulf"]
[Result "1-0"]
[WhiteElo "2635"]
[BlackElo "2630"]

1.e4 c5 2.Nf3 Nc6 3.d4 cxd4 4.Nxd4 g6 5.c4 Nf6 6.Nc3 d6 7.Be2 Bg7 8.Be3 O-O
9.O-O Bd7 10.Nc2 Qa5 11.f4 Rac8 12.Rb1 a6 13.b4 Qd8 14.Qd3 Bg4 15.Kh1 Bxe2
16.Qxe2 e6 17.c5 d5 18.Rfd1 Re8 19.a4 Qe7 20.b5 axb5 21.e5 Nd7 22.Nxb5 Rb8
23.Nd6 Rf8 24.Nd4 f6 25.Nxb7 Nxd4 26.Bxd4 fxe5 27.fxe5 Rf4 28.c6 Rxd4 29.Rxd4 Nxe5
30.Rdb4 Nxc6 31.Rb6 Nd4 32.Qg4 Rf8 33.a5 Be5 34.a6 Qf6 35.Rg1 Bc7 36.Rbb1 Qe5
37.Qh3 Bb8 38.Nc5 Qd6 39.Rb7 h5 40.Nd7 Qxa6  1-0

[Event "Hoogovens"]
[Site "Wijk aan Zee"]
[Date "1990.??.??"]
[Round "4"]
[White "Andersson, Ulf"]
[Black "Petursson, Margeir"]
[Result "1/2-1/2"]
[WhiteElo "2630"]
[BlackElo "2555"]

1.Nf3 Nf6 2.c4 e6 3.Nc3 d5 4.d4 dxc4 5.e3 a6 6.a4 c5 7.Bxc4 Nc6 8.O-O Be7
9.Qe2 cxd4 10.Rd1 e5 11.exd4 exd4 12.Nxd4 Nxd4 13.Qe5 Qd6 14.Qxd4 Qxd4 15.Rxd4 O-O
16.Bf4 Bf5 17.Bd6 Rfd8 18.Rad1 Kf8 19.Bxe7+ Kxe7 20.Rxd8 Rxd8 21.Rxd8 Kxd8
22.Bxf7 Ke7 23.Bb3 Kd6 24.Kf1 Kc5 25.Ke1 Ne4 26.Ne2 Kb4 27.Nd4 Bd7 28.Bd5 Nd6
29.Nc2+ Kc5 30.Bg8 Bxa4 31.b3 Bc6 32.b4+ Kb5 33.f3 h6 34.Kd2 Nf5 35.Kc3 a5
36.Bc4+ Kb6 37.bxa5+ Kxa5 38.Bd3 Bd7 39.f4 b5 40.g4 Ne7 41.Ne3 Nc6 42.h4 Kb6
43.Bf5 Kc7 44.Bxd7 Kxd7 45.Nf5 Ne7 46.Nxg7 Nd5+ 47.Kd4 Nxf4 48.Nf5 h5 49.Ke4 b4
50.Nd4 Ng2 51.gxh5 Ke7 52.Kf5 Nxh4+ 53.Kg5 Ng2 54.Nc6+ Kf7 55.Nxb4 Ne1 56.Nc6 Nf3+
57.Kf4 Kf6 58.Nb4 Nd4  1/2-1/2

[Event "Hoogovens"]
[Site "Wijk aan Zee"]
[Date "1990.??.??"]
[Round "5"]
[White "Piket, Jeroen"]
[Black "Andersson, Ulf"]
[Result "1/2-1/2"]
[WhiteElo "2495"]
[BlackElo "2630"]

1.d4 Nf6 2.Nf3 e6 3.c4 d5 4.Nc3 Nbd7 5.Bg5 h6 6.Bh4 Be7 7.e3 Ne4 8.Bxe7 Qxe7
9.Rc1 Nxc3 10.Rxc3 c6 11.Bd3 O-O 12.O-O dxc4 13.Bxc4 b6 14.Qe2 a6 15.Bd3 c5
16.Be4 Ra7 17.Rfc1 a5 18.Bc6 cxd4 19.Nxd4 Nc5 20.Nb3 Ba6 21.Bb5 Nxb3 22.Rxb3 Bxb5
23.Qxb5 Rc7 24.Rxc7 Qxc7 25.Rc3 Qd6 26.Rd3 Qb8 27.h3 Rc8 28.Rd1 Rc2 29.a3 Qc7
30.Qe8+ Kh7 31.Qb5 Qc5 32.Qd3+ g6 33.b4 Qc4 34.Qxc4 Rxc4 35.b5 Rc5 36.a4 Rc4
37.Rd6 Rxa4 38.Rxb6 Rb4 39.Rb7 Kg7 40.b6 a4  1/2-1/2

[Event "Hoogovens"]
[Site "Wijk aan Zee"]
[Date "1990.??.??"]
[Round "7"]
[White "Dokhoian, Yury"]
[Black "Andersson, Ulf"]
[Result "1/2-1/2"]
[WhiteElo "2540"]
[BlackElo "2630"]

1.d4 Nf6 2.c4 e6 3.Nf3 Bb4+ 4.Bd2 Bxd2+ 5.Qxd2 O-O 6.g3 d5 7.Bg2 Nbd7 8.O-O c6
9.Rc1 Re8 10.Qe3 dxc4 11.Rxc4 e5 12.dxe5 Nxe5 13.Rd4 Qb6 14.Qc3 c5 15.Rd1 Nc6
16.e3 Ne4 17.Qc1 Bg4 18.Nc3 Nxc3 19.Qxc3  1/2-1/2

[Event "Hoogovens"]
[Site "Wijk aan Zee"]
[Date "1990.??.??"]
[Round "9"]
[White "Kuijf, Marinus"]
[Black "Andersson, Ulf"]
[Result "0-1"]
[WhiteElo "2490"]
[BlackElo "2630"]

1.e4 c5 2.Nf3 Nc6 3.Bb5 g6 4.O-O Nd4 5.Bc4 Bg7 6.c3 Nxf3+ 7.Qxf3 e6 8.d4 cxd4
9.cxd4 Ne7 10.Bg5 O-O 11.Nc3 h6 12.Be3 a6 13.Rad1 b5 14.Bb3 d6 15.Qh3 Kh7
16.f4 Bd7 17.e5 d5 18.g4 Rc8 19.Rf2 a5 20.a3 f5 21.exf6 Rxf6 22.Nb1 Kg8 23.Nd2 h5
24.gxh5 Nf5 25.Rg2 Be8 26.hxg6 Rxg6 27.Rxg6 Bxg6 28.Nf3 a4 29.Ba2 Rc2 30.Qg4 Qe8
31.Bf2 Bh5 32.Qh3 Qg6+ 33.Kf1 Bg4  0-1

[Event "Hoogovens"]
[Site "Wijk aan Zee"]
[Date "1990.??.??"]
[Round "10"]
[White "Andersson, Ulf"]
[Black "Nijboer, Friso"]
[Result "1-0"]
[WhiteElo "2630"]
[BlackElo "2485"]

1.Nf3 g6 2.d4 Nf6 3.g3 Bg7 4.Bg2 O-O 5.O-O d6 6.Re1 c5 7.dxc5 dxc5 8.Qxd8 Rxd8
9.c3 Be6 10.Ng5 Bd5 11.e4 Bc6 12.e5 Bxg2 13.exf6 exf6 14.Kxg2 fxg5 15.Bxg5 f6
16.Be3 b6 17.Na3 Nc6 18.Nc4 Bf8 19.a4 Ne7 20.Bh6 Nf5 21.Bxf8 Kxf8 22.Re6 Kf7
23.Rc6 Rd7 24.Re1 Ne7 25.Rce6 Nd5 26.a5 Rb8 27.axb6 axb6 28.Nd6+ Kf8 29.c4 Nc7
30.Rxf6+ Kg7 31.Ne4 Re7 32.Rf3 b5 33.b3 bxc4 34.bxc4 Rb4 35.Rc3 Ne8 36.Ree3 Rc7
37.Ng5 Rc8 38.h4 h6 39.Ne6+ Kf6 40.Nf4 Kf7 41.Rf3 Rb7 42.Rce3 Nd6 43.Nxg6+  1-0

[Event "Biel"]
[Site "Biel"]
[Date "1991.??.??"]
[Round "2"]
[White "Andersson, Ulf"]
[Black "Kozul, Zdenko"]
[Result "1/2-1/2"]
[WhiteElo "2625"]
[BlackElo "2560"]

1.Nf3 g6 2.d4 Nf6 3.g3 Bg7 4.Bg2 d5 5.O-O O-O 6.Nbd2 c5 7.dxc5 Na6 8.Nb3 e6
9.Bf4 Ne4 10.Qc1 Naxc5 11.Nxc5 Nxc5 12.c4 b6 13.cxd5 Ba6 14.dxe6 Nxe6 15.Rd1 Qc8
16.Be5 Bxe2 17.Bxg7 Bxd1 18.Bxf8 Bxf3 19.Bxf3 Nd4 20.Qxc8 Nxf3+ 21.Kg2 Rxc8
22.Bb4 Nd4 23.Rd1 Ne6 24.Bc3 Kf8 25.Kf3 Ke8 26.h4 h5 27.Ke3 Rc4 28.Rd5 Ra4
29.a3  1/2-1/2

[Event "Biel"]
[Site "Biel"]
[Date "1991.??.??"]
[Round "4"]
[White "Andersson, Ulf"]
[Black "Lautier, Joel"]
[Result "1/2-1/2"]
[WhiteElo "2625"]
[BlackElo "2560"]

1.Nf3 Nf6 2.c4 c5 3.Nc3 e6 4.g3 Nc6 5.Bg2 d5 6.cxd5 Nxd5 7.O-O Be7 8.d4 O-O
9.Nxd5 exd5 10.dxc5 Bxc5 11.Bg5 Qb6 12.Rc1 d4 13.Qc2 Bd6 14.Nd2 Be6 15.Nc4 Bxc4
16.Qxc4 h6 17.Bd2 Qxb2 18.Bxc6 Rac8 19.Rb1 Qxd2 20.Rxb7 Rc7 21.Rxc7 Bxc7
22.Be4 Bb6 23.Rc1 Qg5 24.Bd3 Rd8 25.Rc2 Qd5 26.Qb4 Qd6 27.Qd2 Rd7 28.Rc8+ Rd8
29.Rc1 Rd7 30.Rc8+ Rd8 31.Rc1 Rd7 32.a4 Rc7 33.Ra1 Rc5  1/2-1/2

[Event "Biel"]
[Site "Biel"]
[Date "1991.??.??"]
[Round "5"]
[White "Shirov, Alexei"]
[Black "Andersson, Ulf"]
[Result "0-1"]
[WhiteElo "2610"]
[BlackElo "2625"]

1.Nf3 c5 2.g3 g6 3.Bg2 Bg7 4.O-O Nf6 5.d3 Nc6 6.a3 O-O 7.c3 b6 8.b4 Bb7 9.Bb2 Qc7
10.Nbd2 d5 11.b5 Na5 12.c4 dxc4 13.Be5 Qd7 14.dxc4 Rad8 15.Bc3 Ne4 16.Bxa5 bxa5
17.Nxe4 Bxe4 18.Qxd7 Rxd7 19.Rad1 Rfd8 20.Rxd7 Rxd7 21.Ne5 Bxe5 22.Bxe4 Rd2
23.e3 e6 24.f4 Bb2 25.Rf2 Rd1+ 26.Rf1 Rxf1+ 27.Kxf1 Bxa3 28.Ke2 Bc1 29.Bc2 f5
30.Kf3 Kf7 31.e4 fxe4+ 32.Kxe4 Kf6 33.Bd1 Bb2 34.Bc2 Bd4 35.Kf3 h6 36.Bd1 g5
37.h3 Bc3 38.fxg5+ Kxg5 39.Ke4 Kf6 40.h4 Be1 41.Kf4 e5+ 42.Kf3 h5 43.g4 hxg4+
44.Kxg4 Bxh4 45.Kxh4 Kf5 46.Kg3 Ke4 47.Kf2 Kd3 48.Ke1 Kxc4 49.Kd2 Kb4 50.Kc2 e4
51.Bg4 a4 52.Bf5 e3 53.Be6 c4  0-1

[Event "Biel"]
[Site "Biel"]
[Date "1991.??.??"]
[Round "7"]
[White "Adams, Michael"]
[Black "Andersson, Ulf"]
[Result "0-1"]
[WhiteElo "2615"]
[BlackElo "2625"]

1.e4 e6 2.d4 d5 3.Nd2 c5 4.exd5 Qxd5 5.Ngf3 cxd4 6.Bc4 Qd6 7.O-O Nf6 8.Nb3 Nc6
9.Nbxd4 Nxd4 10.Nxd4 Bd7 11.c3 a6 12.Qe2 Be7 13.Bg5 O-O 14.Rad1 Qc7 15.f4 Rfe8
16.Kh1 Rad8 17.Bb3 Bc8 18.Rd3 Nd5 19.Qh5 Bxg5 20.Qxg5 h6 21.Qh4 Nf6 22.h3 b6
23.Rg3 Kh8 24.Re1 Bb7 25.Re5 Rg8 26.Kh2 Qd6 27.Bc2 Qf8 28.Re2 Rd5 29.Rg5 Qb8
30.Kg1 Qd8 31.Rxd5 Qxd5 32.Bb3 Qd6 33.Rd2 Qc7 34.Rd1 Rd8 35.Qf2 Bd5 36.Re1 b5
37.Bxd5 Rxd5 38.Qe3 Kg8 39.Nf3 Nd7 40.Ne5 Nxe5 41.fxe5 a5 42.Re2 Qc4 43.a3 Rd3
44.Qf2 Rd1+ 45.Re1 Rxe1+ 46.Qxe1 Qd3 47.b3 Qc2 48.b4 a4 49.Qe3 Qa2 50.Qd3 Qxa3
51.Qd8+ Kh7 52.Qd3+ g6 53.Qf1 Kg8 54.Qxb5 Qc1+ 55.Kh2 Qf4+ 56.Kg1 a3 57.Qa5 Qc1+
58.Kh2 Qxc3 59.Qd8+ Kh7 60.Qf6 Qc7  0-1

[Event "Biel"]
[Site "Biel"]
[Date "1991.??.??"]
[Round "8"]
[White "Christiansen, Larry Mark"]
[Black "Andersson, Ulf"]
[Result "1/2-1/2"]
[WhiteElo "2600"]
[BlackElo "2625"]

1.e4 e6 2.d4 d5 3.Nc3 Nf6 4.Bg5 dxe4 5.Nxe4 Nbd7 6.Nxf6+ Nxf6 7.Nf3 c5 8.Qe2 Qa5+
9.Bd2 Qb6 10.O-O-O cxd4 11.Bg5 Bd7 12.Ne5 Be7 13.Qc4 Ng4 14.Nxd7 Bxg5+ 15.Kb1 Kxd7
16.Qxd4+ Ke7 17.Qxg4 Bf6 18.b3 Rhd8 19.Be2 a5 20.Qf4 Qc5 21.Qe3 Bd4 22.Qf3 Kf8
23.Bc4 Bf6 24.Qe3 Qb4 25.g4 a4 26.g5 axb3 27.Bxb3 Bd4 28.Qd2 Qb6 29.c3 Bxf2
30.Qc2 Kg8 31.Rhf1 Bc5 32.Qe4 g6 33.Rde1 Rd7 34.h4 Bf8 35.h5 Bg7 36.Rf3 Qc6
37.Qxc6 bxc6 38.hxg6 hxg6 39.Rxe6 Ra5 40.Rxg6 Rc7 41.Rd3 Kf8 42.Rgd6  1/2-1/2

[Event "Biel"]
[Site "Biel"]
[Date "1991.??.??"]
[Round "9"]
[White "Kozul, Zdenko"]
[Black "Andersson, Ulf"]
[Result "1/2-1/2"]
[WhiteElo "2560"]
[BlackElo "2625"]

1.d4 Nf6 2.c4 e6 3.Nf3 Bb4+ 4.Nbd2 b6 5.a3 Bxd2+ 6.Qxd2 O-O 7.e3 Bb7 8.b4 a5
9.b5 d6 10.Bb2 Nbd7 11.Be2 Ne4 12.Qc2 f5 13.O-O Qe7 14.d5 e5 15.Ne1 Rae8
16.Bd3 Ndc5 17.f3 Nxd3 18.Nxd3 Nf6 19.Rae1 Bc8 20.f4 exf4 21.exf4 Qf7 22.Nf2 Bd7
23.Bd4 Rxe1 24.Rxe1 Re8 25.Qc3 Rxe1+ 26.Qxe1 Kf8 27.Qc3 Nh5 28.Qf3 Qe7 29.Bc3 Nf6
30.h3 h6 31.Kh2 Qf7 32.Bd4 Qe7 33.Qg3 Kf7 34.Qc3 Nh5 35.Qf3  1/2-1/2

[Event "Biel"]
[Site "Biel"]
[Date "1991.??.??"]
[Round "11"]
[White "Lautier, Joel"]
[Black "Andersson, Ulf"]
[Result "1/2-1/2"]
[WhiteElo "2560"]
[BlackElo "2625"]

1.d4 Nf6 2.c4 e6 3.Nc3 Bb4 4.Qc2 O-O 5.Bg5 c5 6.d5 d6 7.Nf3 h6 8.Bh4 g5 9.Bg3 Bxc3+
10.bxc3 e5 11.Nd2 Nh5 12.f3 Nxg3 13.hxg3 Kg7 14.g4 f5 15.gxf5 Bxf5 16.e4 Bg6
17.Rb1 b6 18.g3 g4 19.Rh4 gxf3 20.Kf2 Nd7 21.Bh3 Rf4 22.Rg4 Rxg4 23.Bxg4 Nf6
24.Bxf3 Qd7 25.Rh1 Rf8 26.Kg2 Nh7 27.Bd1 Ng5 28.Qd3 Qc8 29.Be2 Rf6 30.Bd1 Be8
31.Be2 Bd7 32.Rh4 Qa6 33.Qc2 Qc8 34.Qd3  1/2-1/2

[Event "Biel"]
[Site "Biel"]
[Date "1991.??.??"]
[Round "13"]
[White "Gavrikov, Viktor"]
[Black "Andersson, Ulf"]
[Result "1/2-1/2"]
[WhiteElo "2585"]
[BlackElo "2625"]

1.Nf3 Nf6 2.c4 c5 3.Nc3 g6 4.d4 cxd4 5.Nxd4 Nc6 6.e4 d6 7.Be2 Nxd4 8.Qxd4 Bg7
9.Bg5 O-O 10.Qe3 Be6 11.O-O Qb6 12.Rab1 Qxe3 13.Bxe3 a6 14.b3 Rac8 15.Rbc1 Rfe8
16.Rfd1 Nd7 17.Nd5 Nc5 18.f3 f5 19.exf5 gxf5 20.Bf1 Kf8 21.g3 Bf7 22.Rd2 Nd7
23.Rcd1 Nf6 24.Nb6 Rc6 25.Bg2 Rd8 26.Rd3 h6 27.f4 Ne4 28.g4 e6 29.b4 Bg6
30.b5 axb5 31.cxb5 Rc3 32.Bxe4 fxe4 33.Rxc3 Bxc3 34.Bd4 Bxd4+ 35.Rxd4  1/2-1/2

[Event "FRA-chT"]
[Site "FRA"]
[Date "1991.??.??"]
[Round "?"]
[White "Levacic, Damir"]
[Black "Andersson, Ulf"]
[Result "0-1"]
[WhiteElo "2400"]
[BlackElo "2640"]

1.d4 Nf6 2.c4 e6 3.Nf3 d5 4.cxd5 exd5 5.Nc3 c6 6.Qc2 Be7 7.Bg5 g6 8.e3 Bf5
9.Bd3 Bxd3 10.Qxd3 Nbd7 11.O-O O-O 12.Nd2 Re8 13.Rae1 Ne4 14.Bxe7 Qxe7 15.Ncxe4 dxe4
16.Qb3 Nb6 17.f3 exf3 18.Nxf3 Qe6 19.Qxe6 Rxe6 20.Ne5 f6 21.Nd3 Kg7 22.Rf3 Rae8
23.Nc5 R6e7 24.Kf2 Nc4 25.Re2 h5 26.Nd3 Nd6 27.Nf4 h4 28.d5 Ne4+ 29.Ke1 g5
30.Ne6+ Kg6 31.Nd4 cxd5 32.Rc2 Nd6 33.Rc5 Nc4 34.Nf5 Re5 35.b3 Nxe3 36.Nxe3 g4
37.Rf2 Rxe3+ 38.Kd1 Re1+ 39.Kd2 g3 40.hxg3 hxg3 41.Rf3 R8e2+  0-1

[Event "FRA-chT"]
[Site "FRA"]
[Date "1991.??.??"]
[Round "?"]
[White "Pira, Davoud"]
[Black "Andersson, Ulf"]
[Result "1/2-1/2"]
[WhiteElo "2345"]
[BlackElo "2640"]

1.d4 d5 2.Nf3 Nf6 3.Bg5 c5 4.Bxf6 gxf6 5.e3 Nc6 6.Nbd2 e5 7.c3 Qb6 8.Qb3 Be6
9.Be2 Qxb3 10.Nxb3 c4 11.Nbd2 e4 12.Nh4 f5 13.g3 Ne7 14.O-O Ng6 15.Ng2 Kd7
16.b3 cxb3 17.axb3 Be7 18.c4 Bb4 19.Ra2 Rhc8 20.c5 b6 21.Ba6 Rcb8 22.Bb5+ Kc7
23.cxb6+ Rxb6 24.Ba4 Rc8 25.Rc1+ Kd6 26.Rxc8 Bxc8 27.Kf1 a5 28.Ke2 Ne7 29.Nf4 Ng6
30.Ng2 Ba6+ 31.Kd1 Rb8 32.Rc2 Bb7 33.Nb1 Rc8 34.Rxc8 Bxc8 35.Kc2 Ba6 36.Nc3 Bf1  1/2-1/2

[Event "FRA-chT"]
[Site "FRA"]
[Date "1991.??.??"]
[Round "?"]
[White "Andersson, Ulf"]
[Black "Andruet, Gilles"]
[Result "1/2-1/2"]
[WhiteElo "2640"]
[BlackElo "2375"]

1.Nf3 Nf6 2.c4 d6 3.g3 c5 4.Bg2 Nc6 5.Nc3 g6 6.d4 cxd4 7.Nxd4 Bd7 8.b3 Bg7
9.Bb2 O-O 10.O-O Nxd4 11.Qxd4 Bc6 12.Qd3 Bxg2 13.Kxg2 Qd7 14.Rac1 Rfd8 15.Rfd1 Rac8
16.e4 b6 17.Qe2 Qb7 18.f3 a6 19.a4 Rd7 20.Nd5 Nxd5 21.Rxd5 Bxb2 22.Qxb2 Rc5
23.Rcd1 b5 24.cxb5 axb5 25.Rxc5 dxc5 26.Rxd7 Qxd7 27.a5 Qc6 28.Qa2 Qa6 29.Kf2 Kf8
30.Qd2 Ke8 31.b4 cxb4 32.Qxb4 h6 33.Ke2 Kd7 34.Kd3 Qc6 35.Qa3 Qd6+ 36.Qxd6+ Kxd6
37.Kc3 Kc5 38.Kb3 f6 39.h4 g5 40.f4 gxh4 41.gxh4 e6 42.Ka3 b4+  1/2-1/2

[Event "FRA-chT"]
[Site "FRA"]
[Date "1991.??.??"]
[Round "?"]
[White "Andersson, Ulf"]
[Black "Peyrat, Olivier"]
[Result "1/2-1/2"]
[WhiteElo "2640"]
[BlackElo "2200"]

1.Nf3 d5 2.d4 c5 3.c4 cxd4 4.cxd5 Nf6 5.Nxd4 Nxd5 6.e4 Nb6 7.Nc3 e5 8.Bb5+ N8d7
9.Nf5 a6 10.Be2 Qf6 11.a4 Nc5 12.a5 Bxf5 13.exf5 Rd8 14.Qc2 Nd5 15.Nxd5 Rxd5
16.O-O e4 17.Be3 Qxf5 18.Rad1 Nd3 19.f3 Bc5 20.Bxc5 Rxc5 21.Qd2 Qf4 22.Bxd3 Qxd2
23.Rxd2 exd3 24.Re1+ Kf8 25.Rxd3 g6 26.b4 Rc4 27.Rd7 Rxb4 28.Ree7 Rf4 29.Rxb7 Rf5
30.Ra7 Rf6 31.Reb7 Kg7 32.Rb6 Rf5 33.Raxa6 Rc8 34.Rb2 Rc1+ 35.Kf2 Ra1  1/2-1/2

[Event "FIN-SWE"]
[Site "Helsinki"]
[Date "1991.??.??"]
[Round "1"]
[White "Andersson, Ulf"]
[Black "Yrjola, Jouni"]
[Result "0-1"]
[WhiteElo "2625"]
[BlackElo "2500"]

1.Nf3 Nf6 2.c4 g6 3.g3 Bg7 4.Bg2 O-O 5.O-O d6 6.Nc3 Nc6 7.d3 e5 8.Rb1 a5
9.a3 Nd4 10.b4 axb4 11.axb4 c6 12.b5 Bg4 13.Bg5 Bxf3 14.Bxf3 h6 15.Bxf6 Nxf3+
16.exf3 Bxf6 17.bxc6 bxc6 18.Rb7 Ra3 19.Qc2 Qa8 20.Rfb1 e4 21.Nxe4 Bd4 22.Qc1 d5
23.cxd5 cxd5 24.Nd6 Qa6 25.Qf4 Ra4 26.Nxf7 Bxf2+ 27.Kxf2 Rxf4 28.Nxh6+ Kh8
29.gxf4 Qf6 30.R1b4 Qh4+ 31.Kg2 Qxh6 32.Rd7 Qh4 33.Rxd5 Ra8 34.Rb2 Qxf4 35.Rc5 Rf8
36.Rf2 Qd4 37.Rg5 Kh7 38.Rg4 Qxd3 39.Rh4+ Kg7 40.Rg4 Rf5 41.h4 Kh6 42.Kg3 Re5
43.Kg2  0-1

[Event "EU-chT (Men)"]
[Site "Debrecen"]
[Date "1992.??.??"]
[Round "4"]
[White "Andersson, Ulf"]
[Black "Lalic, Bogdan"]
[Result "1/2-1/2"]
[WhiteElo "2605"]
[BlackElo "2515"]

1.Nf3 d5 2.d4 Bf5 3.Bf4 c6 4.Nbd2 e6 5.e3 Bd6 6.Bg3 Nf6 7.Bd3 O-O 8.Qe2 Bxd3
9.Qxd3 Na6 10.c4 c5 11.O-O Bxg3 12.hxg3 Rc8 13.Rac1 dxc4 14.Qxc4 cxd4  1/2-1/2

[Event "EU-chT (Men)"]
[Site "Debrecen"]
[Date "1992.??.??"]
[Round "6"]
[White "Hjartarson, Johann"]
[Black "Andersson, Ulf"]
[Result "1/2-1/2"]
[WhiteElo "2580"]
[BlackElo "2605"]

1.e4 e6 2.d4 d5 3.Nd2 c5 4.Ngf3 Nc6 5.exd5 exd5 6.Bb5 Bd6 7.dxc5 Bxc5 8.O-O Ne7
9.Nb3 Bd6 10.Re1 O-O 11.Bg5 Qc7 12.Bh4 Bg4 13.Bg3 Rad8 14.Be2 Nf5 15.Bxd6 Qxd6
16.h3 Bxf3 17.Bxf3 Qf6 18.Rb1 Nfd4 19.Nxd4 Nxd4 20.Bg4 g6 21.c3 Nc6 22.Qb3 b6
23.Bf3 Ne5 24.Be2 d4 25.cxd4 Rxd4 26.Rbd1  1/2-1/2

[Event "EU-chT (Men)"]
[Site "Debrecen"]
[Date "1992.??.??"]
[Round "7"]
[White "Andersson, Ulf"]
[Black "Gheorghiu, Florin"]
[Result "1/2-1/2"]
[WhiteElo "2605"]
[BlackElo "2500"]

1.Nf3 c5 2.c4 g6 3.g3 Bg7 4.Bg2 Nc6 5.Nc3 Nh6 6.b3 Nf5 7.Bb2 b6 8.O-O Bb7
9.e3 O-O 10.Rb1 e6 11.Re1 Rb8 12.Ne2  1/2-1/2

[Event "EU-chT (Men)"]
[Site "Debrecen"]
[Date "1992.??.??"]
[Round "9"]
[White "Andersson, Ulf"]
[Black "Kotronias, Vasilios"]
[Result "1-0"]
[WhiteElo "2605"]
[BlackElo "2560"]

1.Nf3 Nf6 2.c4 g6 3.g3 Bg7 4.Bg2 O-O 5.O-O d6 6.Nc3 c6 7.d3 Nbd7 8.Rb1 d5
9.cxd5 cxd5 10.Qb3 Nb6 11.Be3 Bg4 12.Bd4 Bxf3 13.Bxf3 e6 14.Bc5 Re8 15.e4 dxe4
16.dxe4 Nfd7 17.Be3 Ne5 18.Be2 Nc6 19.Rfd1 Nd4 20.Bxd4 Bxd4 21.e5 f6 22.Bb5 Rf8
23.Qxe6+ Kg7 24.Ne2 fxe5 25.Nxd4 exd4 26.Qe5+ Qf6 27.Qxf6+ Kxf6 28.Rxd4 Rac8
29.Re1 Rf7 30.a4 Rfc7 31.Kg2 Rc5 32.Rd6+ Kf7 33.b3 R8c7 34.Re2 Re7 35.Red2 Kg7
36.Be2 Rc3 37.Bd1 Rcc7 38.Bg4 h5 39.Be6 Rc5 40.f4 Nc8 41.Rd7 Kf6 42.Bc4 Rc7
43.Rd8 Kg7 44.a5 Kh6 45.h3 Rg7 46.g4 Ne7 47.Rh8+ Rh7 48.Rf8  1-0

[Event "FRA-chT"]
[Site "?"]
[Date "1992.??.??"]
[Round "?"]
[White "Andersson, Ulf"]
[Black "Szabolcsi, Janos"]
[Result "1/2-1/2"]
[WhiteElo "2605"]
[BlackElo "2375"]

1.Nf3 f5 2.g3 Nf6 3.Bg2 g6 4.O-O Bg7 5.d4 O-O 6.c4 d6 7.Nc3 Qe8 8.d5 a5 9.Nd4 Na6
10.b3 Bd7 11.Bb2 g5 12.e3 f4 13.exf4 gxf4 14.Ne6 Bxe6 15.dxe6 c6 16.Ne2 fxg3
17.hxg3 Ng4 18.Bh3 Bxb2 19.Rb1 Nxf2 20.Rxf2 Rxf2 21.Kxf2 Be5 22.Nf4 Nc5 23.Bf5 Qf8
24.Qh5 Qg7 25.Rh1 h6 26.Qxh6 Qxh6 27.Rxh6 Rf8 28.Rg6+ Kh8 29.Rh6+ Kg8 30.Rg6+  1/2-1/2

[Event "FRA-chT"]
[Site "?"]
[Date "1992.??.??"]
[Round "?"]
[White "Andersson, Ulf"]
[Black "Degraeve, Jean Marc"]
[Result "1-0"]
[WhiteElo "2605"]
[BlackElo "2470"]

1.Nf3 Nf6 2.d4 g6 3.Bf4 Bg7 4.e3 O-O 5.Be2 c5 6.c3 Qb6 7.Qb3 Qa5 8.Nbd2 d5
9.a4 Nc6 10.h3 cxd4 11.exd4 Qd8 12.Ne5 Nxe5 13.Bxe5 Bh6 14.Nf3 Re8 15.O-O Nh5
16.Rfe1 Nf4 17.Bb5 Rf8 18.Bf1 b6 19.a5 bxa5 20.Qa3 Bf5 21.Qxa5 Be4 22.Nh2 Qd7
23.Ng4 Bg5 24.f3 h5 25.Ne3 Bf5 26.h4 Bh6 27.Qc7 Qxc7 28.Bxc7 Be6 29.g3 Nh3+
30.Bxh3 Bxh3 31.Nxd5 e6 32.Nf6+ Kh8 33.Be5 Bg7 34.Ra3  1-0

[Event "FRA-chT"]
[Site "?"]
[Date "1992.??.??"]
[Round "?"]
[White "Andersson, Ulf"]
[Black "Armas, Iulius"]
[Result "1-0"]
[WhiteElo "2605"]
[BlackElo "2440"]

1.Nf3 Nf6 2.c4 c5 3.g3 g6 4.Bg2 Bg7 5.O-O O-O 6.d4 Qc7 7.Nc3 cxd4 8.Qxd4 Nc6
9.Qh4 Ne5 10.Bg5 Nxf3+ 11.Bxf3 Rb8 12.Rac1 Qa5 13.c5 h6 14.Bxh6 Bxh6 15.Qxh6 Qxc5
16.Nd5 Qd6 17.Rc4 Nh5 18.Bxh5 gxh5 19.Qxh5 f5 20.Rh4 Rf6 21.Qh8+ Kf7 22.Rh7+  1-0

[Event "Goteborg op"]
[Site "Goteborg"]
[Date "1992.??.??"]
[Round "?"]
[White "Bus, Mariusz"]
[Black "Andersson, Ulf"]
[Result "1-0"]
[WhiteElo "2390"]
[BlackElo "2605"]

1.e4 e5 2.Nf3 Nc6 3.Bb5 a6 4.Bxc6 dxc6 5.O-O f6 6.d4 Bg4 7.c3 Bd6 8.Be3 Ne7
9.Nbd2 Ng6 10.h3 Be6 11.dxe5 fxe5 12.c4 c5 13.b4 cxb4 14.c5 Be7 15.Qa4+ c6
16.Qxb4 b5 17.Rfd1 Qc7 18.Ng5 Bg8 19.Ngf3 h6 20.Qb2 Be6 21.a4 O-O 22.axb5 axb5
23.Rxa8 Rxa8 24.Ra1 Rxa1+ 25.Qxa1 b4 26.Ne1 Qd8 27.Qb2 Qa5 28.Nc2 Bxc5 29.Bxc5 Qxc5
30.Nxb4 Nf4 31.Nf3 Ng6 32.Nd3 Qb5 33.Qc3 Kh7 34.Ndxe5 Qb1+ 35.Kh2 Qxe4 36.Nxg6 Kxg6
37.Qxc6 Qxc6 38.Ne5+ Kf5 39.Nxc6 Ke4 40.Kg3 Kd5 41.Ne7+ Ke5 42.Ng6+ Kf6 43.Nf4 Ba2
44.Kf3 Bf7 45.Ke3 g5 46.Ne2 Ba2 47.g3 Be6 48.h4 gxh4 49.gxh4 Bc4 50.Ng3 Ke5
51.f4+ Kf6 52.Kd4 Bf7 53.f5 Ba2 54.Ke4 Bb1+ 55.Kf4 Bc2 56.Ne4+ Kg7 57.Ke5 Bxe4
58.Kxe4 Kf6 59.Kf4 h5 60.Ke4 Kf7 61.Ke5 Ke7 62.f6+ Kf8 63.Kf5 Kg8 64.Kg6  1-0

[Event "Haninge"]
[Site "Haninge"]
[Date "1992.??.??"]
[Round "4"]
[White "Cifuentes Parada, Roberto"]
[Black "Andersson, Ulf"]
[Result "1/2-1/2"]
[WhiteElo "2540"]
[BlackElo "2605"]

1.d4 Nf6 2.Nf3 d5 3.c4 e6 4.Nc3 Nbd7 5.Bg5 h6 6.Bh4 Be7 7.e3 Ne4 8.Bxe7 Qxe7
9.Rc1 Nxc3 10.Rxc3 c6 11.Bd3 O-O 12.O-O dxc4 13.Bxc4 b6 14.Bd3 c5 15.Bb5 Rd8
16.Qc2 Bb7 17.Be2 e5 18.dxe5 Nxe5 19.Nxe5 Qxe5 20.Rd1 Qe4 21.Qxe4 Rxd1+ 22.Bxd1 Bxe4
23.Bc2 Rd8 24.f3 Bxc2 25.Rxc2 Kf8 26.Kf2 Ke7 27.Ke2 f5 28.Rc4 Rd5 29.Ra4 Rd7
30.g4 fxg4 31.Rxg4 g5 32.h4 Kf6 33.a4 a6 34.Re4 b5 35.hxg5+ hxg5 36.axb5 axb5
37.Re8 Rh7 38.b3 Rh2+ 39.Kd3 Rb2 40.Kc3 Re2 41.Kd3 Rb2 42.Kc3 Re2 43.Kd3  1/2-1/2

[Event "Haninge"]
[Site "Haninge"]
[Date "1992.??.??"]
[Round "5"]
[White "Andersson, Ulf"]
[Black "Hansen, Lars Bo"]
[Result "1-0"]
[WhiteElo "2605"]
[BlackElo "2535"]

1.d4 d5 2.c4 c6 3.cxd5 cxd5 4.Nc3 Nc6 5.Bf4 e5 6.Bxe5 Nxe5 7.dxe5 d4 8.Ne4 Qb6
9.Nf3 Qxb2 10.Rb1 Bb4+ 11.Ned2 Bxd2+ 12.Nxd2 Qxa2 13.e3 dxe3 14.Bb5+ Kf8
15.fxe3 Be6 16.O-O Rd8 17.Rf2 Nh6 18.h3 g6 19.Qc1 Qd5 20.Bc4 Qc6 21.Bxe6 Qxe6
22.Rxb7 Kg7 23.Nf3 Rhf8 24.Rxa7 Ra8 25.Rc7 Nf5 26.Kh2 Rac8 27.Rfc2 Ne7 28.e4 Rxc7
29.Rxc7 Rc8 30.Rxc8 Qxc8 31.Qf4 Ng8 32.Qd2 Qc7 33.Kg3 h6 34.Qd4 Kh7 35.Qd6 Qe7
36.Kf4 Kg7 37.Ke3 Qa7+ 38.Qd4 Qxd4+ 39.Kxd4 Ne7 40.Kc5 g5 41.Kd6 Kf8 42.e6 Nc8+
43.Kc7 Na7 44.exf7 Kxf7 45.Kd7  1-0